|
|
|
|
| LEADER |
00000nam0a2200000 4500 |
| 001 |
299026 |
| 005 |
20231102001149.0 |
| 020 |
|
|
|a RU
|b 82-60899
|
| 035 |
|
|
|a (RuTPU)RU\TPU\book\324178
|
| 090 |
|
|
|a 299026
|
| 100 |
|
|
|a 20150624d1982 km y0rusy5003 ca
|
| 101 |
0 |
|
|a rus
|
| 102 |
|
|
|a RU
|
| 105 |
|
|
|a y z 001zy
|
| 200 |
1 |
|
|a Борьба большевиков за установление и упрочение Советской власти на Северо-Западе России
|f В. М. Губарева
|g Ленинградский государственный университет (ЛГУ)
|
| 210 |
|
|
|a Ленинград
|c Изд-во ЛГУ
|d 1982
|
| 215 |
|
|
|a 134 с.
|
| 320 |
|
|
|a Библиография в ссылках.
|
| 606 |
1 |
|
|a КПСС
|x История
|z 20 в.
|2 stltpush
|3 (RuTPU)RU\TPU\subj\14899
|9 41219
|
| 610 |
1 |
|
|a большевики
|
| 610 |
1 |
|
|a Советская власть
|
| 610 |
1 |
|
|a Северо-Запад России
|
| 610 |
1 |
|
|a установление
|
| 610 |
1 |
|
|a упрочнение
|
| 610 |
1 |
|
|a революционный процесс
|
| 610 |
1 |
|
|a революционный процесс
|
| 610 |
1 |
|
|a социалистическая революция
|
| 610 |
1 |
|
|a классовая борьба
|
| 610 |
1 |
|
|a Советы
|
| 610 |
1 |
|
|a аграрные преобразования
|
| 610 |
1 |
|
|a комитеты бедноты
|
| 686 |
|
|
|a Ф61(2)27
|2 rubbk
|
| 700 |
|
1 |
|a Губарева
|b В. М.
|g Варвара Михайловна
|4 070
|
| 712 |
0 |
2 |
|a Ленинградский государственный университет (ЛГУ)
|c (1924-1991)
|2 stltpush
|3 (RuTPU)RU\TPU\col\77
|
| 801 |
|
0 |
|a RU
|b RuMRKP
|c 19950704
|g psbo
|
| 801 |
|
1 |
|a RU
|b 63413507
|c 20150624
|
| 801 |
|
2 |
|a RU
|b 63413507
|c 20190614
|g RCR
|
| 942 |
|
|
|c BK
|